Teatro nicaragüense

Guardat en:
Dades bibliogràfiques
Autor principal: Galich, Franz
Format: Desconegut
Publicat: Roma, Italia: Bulzoni,
Matèries:
Etiquetes: Afegir etiqueta
Sense etiquetes, Sigues el primer a etiquetar aquest registre!

MARC

LEADER 000000000a22000000004500
001 001607
022 |a 8871192176 
041 0 |a Español 
092 0 |a Centroamericana 
100 1 |a Galich, Franz 
245 1 0 |a Teatro nicaragüense 
260 |a Roma, Italia:   |b Bulzoni, 
310 |a Anual 
650 4 |a NICARAGUA 
773 0 |t Centroamericana 
773 0 |g Número 1 (1990) 
773 0 |g 1990- 
773 0 |g 81-106 páginas 
999 |c 1900  |d 1900